Исторические очерки русской народной словесности и искусства

RUSMARC
00006052cac2a2200000 x 450
001abdbd5a1-6057-41de-a8ab-aa4761b962a6
00520160428165232.0
100##$a20160211l18611861k l0rusy0189 ca
1010#$arus
102##$aRU
2001#$aИсторические очерки русской народной словесности и искусства
$fФ. Буслаев
$hТ. 2
$iДревнерусская народная литература и искусство
251##$cДело
300##$aЗаглавие на корешке: Буслаев. Древнерусская народная литература и искусство. 2
801#0$aRU
$bРГИА
$c20160211
$gRCR
801#1$aRU
$bГлавНИВЦ
$c20160211
$2rusmarc
801#2$aRU
$bПБ им. Б.Н. Ельцина
$c20160331
$gRCR
$2rusmarc
850##$aРГИА
852##$aРГИА
$eФедеральное казенное учреждение "Российский государственный исторический архив" (РГИА)
$j816
937##$hРГИА
$d12201107
$aASBIBLIO_SCAN
215##$a432 с.
$d28,5х20,5 см
$cил.
5161#$aБуслаев. Древнерусская народная литература и искусство. 2
105##$aa###
1222#$ad
2101#$aСанкт-Петербург
$cИздание Д. Е. Кожанчикова
$d1861
$gТипография товарищества "Общественная польза"
461#0$10012640edd5-2044-417d-b282-4ec02c959e00
$12001
$aДублетный фонд НСБ
$1251
$cФонд
$1852
$j0
462#0$100101f3c915-c163-4bd9-8823-fd1c871481a4
$12001
$aДублетный фонд Библиотеки
$vД. 816
$1251
$cОпись
$1852
$j1
$lД
035##$aabdbd5a1-6057-41de-a8ab-aa4761b962a6
605##$2acquisition_Prlib
$3DITM\AF\0000003865
$aРусский язык
$lколлекция
605##$2acquisition_Prlib
$3DITM\AF\0000003834
$aНарод
$lколлекция
605##$2acquisition_prlib
$3LIBNET\UAF\0000061920
$aСинод в истории российской государственности
$lколлекция
6061#$2nlr_sh
$3RU\NLR\AUTH\6614047
$aДревнерусская литература
6061#$aРусский фольклор
$2nlr_sh
$3RU\NLR\AUTH\6646485
686##$a83.3(2=411.2)4
$vLBC/M
$2rubbk
686##$vLBC/M
$2rubbk
$a82.3(2)
686##$vLBC/M
$2rubbk
$a85.103(2=411.2)4
320##$aБиблиография в подстрочных примечаниях
701#1$3RU\NLR\AUTH\7772373
$4070
$aБуслаев
$bФ. И.
$f1818-1897
$gФедор Иванович
8564#$uhttp://www.prlib.ru/Lib/pages/item.aspx?itemid=137850
Формат отображения